| 000 | 00407nam a2200169Ia 4500 | ||
|---|---|---|---|
| 005 | 20250320084145.0 | ||
| 008 | 231217s9999 xx 000 0 und d | ||
| 020 | _a9788120336735 | ||
| 082 | _a657 RAT;1 R | ||
| 100 | _aRathore, Shirin | ||
| 245 | 0 | _aInternational Accounting | |
| 250 | _a2ed | ||
| 260 |
_c2009 _bNewdelhi _aPHI Learning |
||
| 300 | _axiv+490 | ||
| 650 | _aAccounting | ||
| 942 | _cAA | ||
| 999 |
_c183770 _d183770 |
||